| 000 | 00643nam a2200205 a 4500 | ||
|---|---|---|---|
| 001 | 000012805 | ||
| 005 | 20240530073931.0 | ||
| 008 | 091117t1947 dr 000 e spa d | ||
| 040 |
_aDO-SdBNP _bspa _cBNPHU |
||
| 082 |
_aRD864.42 _bM857t |
||
| 100 | 1 |
_aMorillo, Gabriel A. _929614 |
|
| 245 | 1 | 0 |
_aTrovadores y maestros / _cGabriel A. Morrillo. |
| 260 |
_aCiudad Trujillo, República Dominicana : _bArte y cine, _c1947. |
||
| 300 |
_a115 p. ; _c21 cm. |
||
| 650 | 4 |
_aAutores en literatura _922864 |
|
| 650 | 0 |
_aEnsayos dominicanos _965 |
|
| 650 | 0 |
_aLiteratura dominicana. _967 |
|
| 910 | _aValidado. Control de calidad EMS. | ||
| 049 | _aBNPD | ||
| 999 |
_c12455 _d12455 |
||